| 000 | 01329nam a2200325 i 4500 | ||
|---|---|---|---|
| 003 | DO-SdBNP | ||
| 005 | 20260305073952.0 | ||
| 007 | ta | ||
| 008 | 230714b1978 dr d|||| |||| 00| 0 spa d | ||
| 040 |
_aDO-SdBNP _bspa _cBNPHU _erda |
||
| 082 | 4 |
_a972.9302 _bM938e, 1978 _222 |
|
| 100 | 1 |
_aMoya Pons, Frank, _d1944- _eautor _92095 |
|
| 245 | 1 | 3 |
_aLa Española en el siglo XVI 1493-1520 : _btrabajo, sociedad y política en la economía del oro / _cFrank Moya Pons. |
| 250 | _a3a edición | ||
| 264 | 1 |
_aSantiago de los Caballeros, República Dominicana : _bUniversidad Católica Madre y Maestra, _c1978. |
|
| 300 |
_a367 páginas ; _c21 cm. |
||
| 336 |
_2rdacontent _atexto _btxt |
||
| 337 |
_2rdamedia _asin meditación _bn |
||
| 338 |
_2rdacarrier _avolumen _bnc |
||
| 490 | _aEstudios | ||
| 500 | _aIncluye referencias bibliográficas y notas al pie de páginas e índice de nombres, lugares y materias. | ||
| 504 | _aBibliografías : p. 341-348 | ||
| 590 | _aInventariado, 2023/BT | ||
| 651 | 4 |
_aHaití _xHistoria _yHasta 1791 _959192 |
|
| 651 | 0 |
_aRepública Dominicana -- _xHistoria -- _yHasta, 1844 _9138 |
|
| 651 | 4 |
_aEspaña _xColonias _zAmérica _xAdministración _984276 |
|
| 710 | 2 |
_aPontificia Universidad Católica Madre y Maestra _9843 |
|
| 910 | _aBtavárez./Validado. Control de calidad MFF | ||
| 942 |
_2ddc _cLBS1 |
||
| 999 |
_c54171 _d54171 |
||